000 00955nam a22002057a 4500
005 20260310091954.0
008 260310s2026 xxk|||||o|||| 00| 0 eng d
041 _aeng
110 _aRoyal Institution of Chartered Surveyors
245 _aRICS Construction productivity report 2026
_h[Electronic resource]
260 _aLondon,
_bRoyal Institution of Chartered Surveyors,
_c9 March 2026
520 _aThis article presents findings from the RICS Global Construction Monitor, drawing on responses from nearly 3,000 construction professionals across five regions: UK, Europe, Americas, Asia-Pacific (APAC), and Middle East & Africa (MEA)
650 _aPRODUCTIVITY
650 _aSTATISTICS
651 _aUnited Kingdom
690 _aConstruction management
_96230
710 _aRoyal Institution of Chartered Surveyors
856 _uhttps://www.rics.org/news-insights/rics-construction-productivity-report-2026
_zAvailable on RICS.org
942 _n0
999 _c122299
_d122299